Дело об отчетах библиотек: Усть-Сысольской, Орловской, Вятской, Керченской, Тверской, Митавской, Карамзинской, Полтавской, Ромен...

Доступно только в Электронных читальных залах Найти на картеНа карте
RUSMARC
00003872nmc2a22002533x 450
001421da00c-9103-4f92-90b2-e4052574f2ee
00520251027122811.0
100##$a20250526l18611861k l0rusy0189 ca
1010#$arus
$afre
102##$aRU
105##$ay###
1222#$ad
2001#$aДело об отчетах библиотек: Усть-Сысольской, Орловской, Вятской, Керченской, Тверской, Митавской, Карамзинской, Полтавской, Роменской, Смоленской, Красноярской, Рязанской
$j17 февраля - 18 сентября 1861 г.
215##$a101 л.
$d36,5х26 см
251##$cДело
300##$aНа обложке указано: "№32"
300##$aНа русском и французском языках
371##$aДокумент не является опубликованным и широко распространяемым
461#0$10012b5b8419-5ce4-4d16-a7a3-85720a295f1f
$12001
$aКанцелярия министра народного просвещения
$1251
$cФонд
$1852
$j735
462#0$1001f9d86302-efd9-4da3-b833-350837400fc9
$12001
$aКанцелярия министра народного просвещения
$1251
$cОпись
$1852
$j6
801#0$aRU
$bРГИА
$c20250526
$gRCR
801#1$aRU
$bГлавНИВЦ
$c20250526
$2rusmarc
801#2$aRU
$bПБ им. Б.Н. Ельцина
$c20251027
$gRCR
$2rusmarc
850##$aРГИА
852##$aРГИА
$eФедеральное казенное учреждение "Российский государственный исторический архив" (РГИА)
$j120
937##$hРГИА
$d12424334
$aASBIBLIO_SCAN
035##$aRusGRCC00086260
856##$uhttp://readingroom.main.prlib.ru/item.aspx?id_node=n198701581&mode=full
Формат отображения